Państwa z pierwszymi kosmonautami - Statystyki

Ogólne statystyki
  • Ten quiz został rozwiązany 37 razy
  • Średni wynik to 9 z 15
Statystyki odpowiedzi
Rok Państwo Astronauta % Poprawnych
1961 Stany Zjednoczone Alan Shepard
100%
1978 Polska Mirosław Hermaszewski
91%
1961 Związek Radziecki Jurij Gagarin
88%
1982 Francja Jean-Loup Chrétien
84%
1984 Kanada Marc Garneau
81%
1978 Czechosłowacja Vladimír Remek
72%
1984 Indie Rakesh Sharma
69%
1981 Rumunia Dumitru Prunariu
66%
1979 Bułgaria Georgi Iwanow
59%
1978 Niemcy Wschodnie Sigmund Jähn
59%
1980 Węgry Bertalan Farkas
59%
1980 Kuba Arnaldo Tamayo Méndez
38%
1981 Mongolia Dżügderdemidijn Gürragczaa
31%
1980 Wietnam Phạm Tuân
28%
1983 Niemcy Zachodnie Ulf Melbord
13%
Nie znaleziono quizów pasujących do podanych kryteriów
Rozkład punktacji
Procent ludzi z każdym wynikiem
Percentyl według liczby udzielonych odpowiedzi
Twoja historia wyników
Nie rozwiązałeś tego quizu